Loading...
| Science - Biology | 0 | 4 | 1 | 0 | 35 | 74 | 95.25 | 1 | 4 | 0.00 | 0.00 |
| Science - Chemistry | 0 | 3 | 0 | 0 | 30 | 78 | 96.33 | 1 | 3 | 0.00 | 0.00 |
| Literature - American | 0 | 3 | 0 | 0 | 30 | 91 | 100.67 | 1 | 3 | 0.00 | 0.00 |
| History - American | 0 | 3 | 0 | 0 | 30 | 69 | 94.00 | 0 | 2 | 0.00 | 0.00 |
| Beliefs | 1 | 1 | 0 | 0 | 25 | 55 | 72.50 | 0 | 1 | 0.00 | 0.00 |
| 1 | 1 | 0 | 0 | 25 | 72 | 80.50 | 2 | 2 | 0.00 | 0.00 | |
| Literature - British | 1 | 1 | 0 | 0 | 25 | 57 | 69.00 | 0 | 2 | 0.00 | 0.00 |
| Philosophy | 0 | 3 | 1 | 0 | 25 | 77 | 101.67 | 1 | 3 | 0.00 | 0.00 |
| Fine Arts - Auditory | 0 | 2 | 0 | 0 | 20 | 79 | 79.50 | 1 | 2 | 0.00 | 0.00 |
| Science - Physics | 0 | 2 | 0 | 0 | 20 | 132 | 139.00 | 0 | 0 | 0.00 | 0.00 |
| Social Science | 0 | 2 | 1 | 0 | 15 | 76 | 87.50 | 0 | 2 | 0.00 | 0.00 |
| Literature - European | 1 | 0 | 0 | 0 | 15 | 85 | 85.00 | 0 | 1 | 0.00 | 0.00 |
| Other Arts: Auditory | 1 | 0 | 0 | 0 | 15 | 83 | 83.00 | 1 | 1 | 0.00 | 0.00 |
| Geography | 1 | 0 | 0 | 0 | 15 | 69 | 69.00 | 1 | 1 | 0.00 | 0.00 |
| World and Other Literature | 1 | 0 | 0 | 0 | 15 | 48 | 48.00 | 1 | 1 | 0.00 | 0.00 |
| Other Academic | 0 | 1 | 0 | 0 | 10 | 63 | 63.00 | 0 | 1 | 0.00 | 0.00 |
| History - European | 0 | 1 | 0 | 0 | 10 | 91 | 91.00 | 0 | 1 | 0.00 | 0.00 |
| Ancient History and Archaeology | 0 | 1 | 0 | 1 | 10 | 121 | 121.00 | 0 | 0 | 0.00 | 0.00 |
| Other Arts: Visual | 0 | 1 | 0 | 0 | 10 | 125 | 125.00 | 0 | 0 | 0.00 | 0.00 |
| Other Science: Astronomy | 0 | 1 | 0 | 0 | 10 | 77 | 77.00 | 1 | 1 | 0.00 | 0.00 |
| Fine Arts - Visual | 0 | 1 | 2 | 1 | 0 | 130 | 130.00 | 0 | 0 | 0.00 | 0.00 |